[Event "FRA-chT U20 GpB 1213"]
[Site "France"]
[Date "2013.01.06"]
[Round "7"]
[White "Vlachos, Anatole"]
[Black "Bigarre, Paolo"]
[Result "1-0"]
[WhiteElo "1795"]
[BlackElo "1099"]
[PlyCount "71"]
[EventDate "2012.12.01"]
[EventType "team"]
[EventRounds "7"]
[EventCountry "FRA"]
[SourceTitle "EXT 2014"]
[Source "ChessBase"]
[SourceDate "2013.11.20"]
[SourceVersion "1"]
[SourceVersionDate "2013.11.20"]
[SourceQuality "1"]
[WhiteTeam "Lutece (U20)"]
[BlackTeam "Tours (U20)"]
[WhiteTeamCountry "FRA"]
[BlackTeamCountry "FRA"]

1. c4 e5 2. Nc3 Nf6 3. e3 Nc6 4. d4 exd4 5. exd4 d5 6. cxd5 Nxd5 7. Bc4 Nxc3 8. bxc3 Bd6 9. Nf3 Qe7+ 10. Be3 0-0 11. 0-0 Be6 12. Bxe6 fxe6 13. Re1 h6 14. Bd2 Qf7 15. Qb3 Na5 16. Qxe6 Qxe6 17. Rxe6 Nc4 18. Be3 Nxe3 19. fxe3 Rae8 20. Rxe8 Rxe8 21. Re1 Ba3 22. Re2 c5 23. Kf2 cxd4 24. cxd4 Rf8 25. Rc2 Bd6 26. h3 g5 27. g4 Kg7 28. e4 Bc7 29. Rxc7+ Kg6 30. Ke3 Kf6 31. e5+ Ke6 32. Ke4 Rd8 33. h4 gxh4 34. Nxh4 b5 35. Ng6 a5 36. Re7# 1-0

[Event "FRA-chT U20 GpB 1213"]
[Site "France"]
[Date "2013.01.05"]
[Round "5"]
[White "Bigarre, Paolo"]
[Black "Ea, Thibault"]
[Result "0-1"]
[WhiteElo "1099"]
[BlackElo "1613"]
[PlyCount "80"]
[EventDate "2012.12.01"]
[EventType "team"]
[EventRounds "7"]
[EventCountry "FRA"]
[SourceTitle "EXT 2014"]
[Source "ChessBase"]
[SourceDate "2013.11.20"]
[SourceVersion "1"]
[SourceVersionDate "2013.11.20"]
[SourceQuality "1"]
[WhiteTeam "Tours (U20)"]
[BlackTeam "Clichy (U20)"]
[WhiteTeamCountry "FRA"]
[BlackTeamCountry "FRA"]

1. e4 e6 2. Nf3 d5 3. Bd3 Nf6 4. Nc3 c5 5. e5 Nfd7 6. 0-0 a6 7. b3 Nc6 8. Qe1 Be7 9. Bb2 0-0 10. Ne2 Qc7 11. Ng3 b6 12. c4 dxc4 13. bxc4 Bb7 14. a3 Na7 15. Be4 Rfd8 16. Bxb7 Qxb7 17. d4 cxd4 18. Bxd4 Nc6 19. Qe4 Nc5 20. Bxc5 Bxc5 21. Ng5 g6 22. Nh5 Rd4 23. Qe2 Be7 24. Nf6+ Bxf6 25. exf6 Rg4 26. Nf3 Nd4 27. Qd3 Nxf3+ 28. Kh1 Ne5 29. Qg3 Rxg3 30. hxg3 Nd7 31. Rab1 Rc8 32. Rfc1 Qc6 33. c5 bxc5 34. Ra1 Nxf6 35. a4 Ne4 36. Rc2 Qd5 37. Kg1 c4 38. Kf1 c3 39. Ke1 Nd2 40. Rd1 Qe4# 0-1